Aztec Empire Quiz - Statistics

General Stats
  • This quiz has been taken 34 times
    32 since last reset
  • The average score is 5 of 9
Answer Stats
Question Answer % Correct
What modern-day country was the heartland of the Aztec Empire? Mexico
95%
What was the capital city of the Aztec Empire? Tenochtitlan
91%
What was the main staple crop of the Aztec diet? Corn or Maize
82%
What lake was Tenochtitlan built on? Lake Texcoco
64%
What was the primary language spoken by the Aztecs? Nahuatl
55%
Who was the Aztec emperor when the Spanish arrived? Montezuma II
36%
What was the name of the Aztec system of floating gardens? Chinampas
27%
What was the name of the Aztec sun god who was central to their religion? Huitzilopochtli
27%
Why did the Aztecs practice human sacrifice?
To feed the gods and ensure cosmic balance
18%
No matching quizzes found
Score Distribution
Percent of People with Each Score
Percentile by Number Answered
Your Score History
You have not taken this quiz since the last reset